[Event "Oberbayern-ch"]
[Site "Weilheim Marnbach"]
[Date "2012.05.??"]
[Round "4.8"]
[White "Theumer, Lutz"]
[Black "Knoblauch, Leonhard"]
[Result "0-1"]
[WhiteElo "2117"]
[BlackElo "2114"]
[PlyCount "68"]
[EventDate "2012.05.17"]
[EventType "swiss"]
[EventRounds "7"]
[EventCountry "GER"]
[SourceTitle "EXT 2022"]
[Source "ChessBase"]
[SourceDate "2021.10.06"]
[SourceVersion "1"]
[SourceVersionDate "2021.10.06"]
[SourceQuality "1"]

1. d4 Nf6 2. c4 c5 3. d5 e6 4. Nc3 exd5 5. cxd5 Bd6 6. Nf3 0-0 7. g3 Re8 8. Bg2 a6 9. a4 Bc7 10. 0-0 d6 11. Nd2 Nbd7 12. e4 Rb8 13. f4 b5 14. axb5 axb5 15. Kh1 c4 16. b4 cxb3 17. Qxb3 Nc5 18. Qb1 b4 19. Na4 Ba6 20. Nxc5 Bxf1 21. Bxf1 dxc5 22. Bg2 c4 23. Nxc4 Nxd5 24. Bb2 Nc3 25. Qc2 Qd4 26. Qb3 Red8 27. e5 Rb5 28. h3 Rc5 29. Bf1 Qd5+ 30. Kh2 Ne4 31. Qxb4 Rb8 32. Qa4 Rxc4 33. Qxc4 Rxb2+ 34. Kg1 Bb6+ 0-1

[Event "Seefeld op 09th"]
[Site "Seefeld"]
[Date "1998.??.??"]
[Round "4"]
[White "Mokosch, Andreas"]
[Black "Theumer, Lutz"]
[Result "1/2-1/2"]
[WhiteElo "2185"]
[BlackElo "1915"]
[PlyCount "117"]
[EventDate "1998.09.12"]
[EventType "swiss"]
[EventRounds "9"]
[EventCountry "AUT"]
[SourceTitle "EXT 2000"]
[Source "ChessBase"]
[SourceDate "1999.11.16"]
[SourceVersion "1"]
[SourceVersionDate "1999.11.16"]
[SourceQuality "1"]

1. c4 Nf6 2. Nc3 c6 3. d4 d5 4. cxd5 cxd5 5. Bf4 Nc6 6. e3 e6 7. Bd3 Be7 8. h3 0-0 9. Nf3 Nh5 10. Bh2 f5 11. Ne5 Nf6 12. a3 Bd7 13. 0-0 Ne4 14. Ne2 Rf6 15. f3 Ng5 16. Bf4 Nf7 17. Nxf7 Rxf7 18. b4 Bf6 19. Rc1 a6 20. Kh1 g5 21. Bh2 h5 22. Bb1 Qe7 23. e4 Raf8 24. exd5 exd5 25. Re1 Re8 26. Ba2 Nxd4 27. Nxd4 Qxe1+ 28. Qxe1 Rxe1+ 29. Rxe1 Bxd4 30. Bxd5 Bc6 31. Bxf7+ Kxf7 32. Be5 Bf2 33. Re2 Bh4 34. Bd4 Bg3 35. Kg1 g4 36. fxg4 hxg4 37. hxg4 fxg4 38. Bc5 Kf6 39. Bd4+ Kf5 40. Re7 Bd5 41. Bc5 Bc6 42. Rf7+ Kg6 43. Rf8 Kg7 44. Rd8 Kg6 45. Bd6 Be1 46. g3 Bc3 47. Bc5 Be1 48. Bf2 Bc3 49. Bd4 Bd2 50. Bb2 Be3+ 51. Kf1 Bb6 52. Rd6+ Kg5 53. Ke1 Bc7 54. Rd3 Kf5 55. Bc1 a5 56. b5 Be4 57. Rc3 Be5 58. Rc5 b6 59. Rxe5+ 1/2-1/2

[Event "Seefeld op 09th"]
[Site "Seefeld"]
[Date "1998.??.??"]
[Round "1"]
[White "Theumer, Lutz"]
[Black "Thoeny, Hermann"]
[Result "1/2-1/2"]
[WhiteElo "1915"]
[BlackElo "2240"]
[PlyCount "54"]
[EventDate "1998.09.12"]
[EventType "swiss"]
[EventRounds "9"]
[EventCountry "AUT"]
[SourceTitle "EXT 2000"]
[Source "ChessBase"]
[SourceDate "1999.11.16"]
[SourceVersion "1"]
[SourceVersionDate "1999.11.16"]
[SourceQuality "1"]

1. d4 d5 2. c4 c6 3. Nf3 Nf6 4. Nc3 e6 5. Bg5 h6 6. Bxf6 Qxf6 7. e3 Nd7 8. Bd3 g6 9. 0-0 Bg7 10. e4 dxc4 11. Bxc4 0-0 12. Qc2 Qe7 13. Rab1 a6 14. d5 Nb6 15. Qb3 exd5 16. exd5 Qc5 17. Nd2 Nxc4 18. Qxc4 Qxc4 19. Nxc4 cxd5 20. Nb6 Bf5 21. Nxa8 Bxb1 22. Rxb1 Rxa8 23. Nxd5 Rd8 24. Rd1 Kf8 25. b3 Rc8 26. Ne3 h5 27. g3 Rc6 1/2-1/2